| 000 | 01472cam a2200373 a 4500 | ||
|---|---|---|---|
| 999 |
_c530016 _d530016 |
||
| 001 | 3400918 | ||
| 003 | NUST | ||
| 005 | 20191008150648.0 | ||
| 008 | 890427s1989 dcua j 000 0ceng | ||
| 010 | _a 89050706 | ||
| 020 |
_a0912308400 : _c$6.50 |
||
| 020 |
_a0912308397 (pbk.) : _c$5.25 |
||
| 038 | _awaseem | ||
| 040 |
_aDLC _cDLC _dDLC |
||
| 042 | _alcac | ||
| 043 | _an-us--- | ||
| 050 | 0 | 0 |
_aE176.2 _b.K48 1989 |
| 082 | 0 | 0 |
_a973.099 _bKLA |
| 100 | 1 |
_aKlapthor, Margaret Brown. _923297 |
|
| 245 | 1 | 4 |
_aThe first ladies / _cby Margaret Brown Klapthor. |
| 250 | _a6th ed. | ||
| 260 |
_aWashington, D.C. : _bWhite House Historical Association with the cooperation of the National Geographic Society, _c1989. |
||
| 300 |
_a90 p. : _bill. (some col.) ; _c26 cm. |
||
| 520 | _aBrief biographies and portraits of forty-two wives, sisters, daughters, nieces, and other relatives of Presidents who have served as White House hostesses, from Martha Washington to Barbara Bush. | ||
| 650 | 0 |
_aPresidents' spouses _zUnited States _xBiography. _98144 |
|
| 650 | 0 |
_aPresidents' spouses _zUnited States _xPortraits. _923298 |
|
| 650 | 1 |
_aFirst ladies. _923299 |
|
| 650 | 1 |
_aPresidents _xFamily. _923300 |
|
| 710 | 2 |
_aWhite House Historical Association. _923301 |
|
| 710 | 2 |
_aNational Geographic Society (U.S.) _923302 |
|
| 906 |
_a7 _bcbc _corignew _d2 _eocip _f19 _gy-gencatlg |
||
| 942 |
_2ddc _cBK |
||